Normal view MARC view
  • Food microbiology

Entry Topical Term

Number of records used in: 1

001 - CONTROL NUMBER

  • control field: 130306

003 - CONTROL NUMBER IDENTIFIER

  • control field: NUST

005 - DATE AND TIME OF LATEST TRANSACTION

  • control field: 20250818144520.0

008 - FIXED-LENGTH DATA ELEMENTS

  • fixed length control field: 250818|| aca||aabn | a|a d

040 ## - CATALOGING SOURCE

  • Original cataloging agency: NUST
  • Transcribing agency: NUST

150 ## - HEADING--TOPICAL TERM

  • Topical term or geographic name entry element: Food microbiology
  • General subdivision: Research

670 ## - SOURCE DATA FOUND

  • Source citation: Work cat.: (NUST): Adams, Martin R. 130304, Food microbiology /, 2024.
© 2023 Central Library, National University of Sciences and Technology. All Rights Reserved.